01353nam a22003255i 4500003000900000005001700009008004100026020001800067040004300085082001900128245017300147246004700320246004000367264006500407300004700472336002600519337002800545338002700573490003900600504004100639650003800680650004400718651001000762653002500772655001700797700004300814942001200857999001700869952014100886EG-ScBUE20221218092120.0160223s2012 cc a f b 000 0 eng d a9787214077141 aEG-ScBUEbengerdacEG-ScBUEdEG-ScBUE04a727.1bCOL22200aColorful childhood :bcontemporary world kindergarten design = 七彩童年 : 世界当代幼儿园设计 = Shi jie dang dai you er yuan she ji /cFeng huang kong jian.31a七彩童年 : 世界当代幼儿园设计31aShi jie dang dai you er yuan she ji 1aNanjing :bJiangsu ren min chu ban she :bifengspace,c2012. a319 pages :bcolor illustrations ;c30 cm. 2rdacontentatextbtxt 2rdamediaaunmediatedbn 2rdacarrieravolumebnc0 aCheng zhang xi lie =a成长系列 aIncludes bibliographical references. 7aArchitecture and children.2BUEsh 7aKindergarten facilitiesxDesign.2BUEsh 2BUEsh bENGARCcFebruary2016 vReading book1 aJian, Feng Huang Kong,eeditor.939419 2ddccBB c21218d21190 00102ddc40708AcademicaMAINbMAINc2NDd2016-02-23ePurchaseg288.00h4857l0o727.1 COLp000031679r2025-07-15 00:00:00v360.00yBB